| 000 | 00943nac a22002771u 4500 | ||
|---|---|---|---|
| 010 | _a 92003947 | ||
| 020 | _a3540550984 (Berlin : acid-free paper) : | ||
| 020 | _a0387550984 (New York : acid-free paper) | ||
| 082 | 0 | 0 |
_a531 _bTRU |
| 090 |
_c9464 _d9464 |
||
| 100 | _aTruesdell, C. | ||
| 245 | 1 | 4 |
_aThe non-linear field theories of mechanics / _cC. Truesdell, W. Noll. |
| 250 | _a2nd ed. | ||
| 260 |
_aBerlin ; _aNew York : _bSpringer-Verlag,1992. _cc1992. |
||
| 300 |
_ax, 591 p. : _bill. ; _c25 cm. |
||
| 500 | _aDistributer: Al-Ahram | ||
| 504 | _aIncludes bibliographical references (p. 542-578) and indexes. | ||
| 511 | _aCatalogued by: Sara | ||
| 650 | 0 | _aContinuum mechanics. | |
| 650 | 0 | _aNonlinear mechanics. | |
| 700 | 1 |
_aNoll, W. _q(Walter), _d1925- |
|
| 942 |
_cBB _k531TRU _hRDA-MOD |
||
| 999 |
_c9464 _d9464 |
||
| 336 |
_2rdacontent _atext _btxt |
||
| 337 |
_aunmediated _2rdamedia _bn |
||
| 338 |
_avolume _bnc _2rdacarrier |
||